The brothers Karamazov and related readings

Gorde:
Xehetasun bibliografikoak
Egile nagusia: Dostoevsky, Fyodor Mikhailovich
Formatua: Liburua
Hizkuntza:Vietnamese
Argitaratua: Glencoe/McGraw-Hill 2000
Etiketak: Etiketa erantsi
Etiketarik gabe, Izan zaitez lehena erregistro honi etiketa jartzen!
Thư viện lưu trữ: Mạng thư viện Đại học Đà Nẵng
LEADER 00685nam a2200253 4500
001 000022442
003 18890
005 20150506090532.0
008 150506s2000 viesd
020 |c 00 
041 0 |a vie 
082 1 4 |a 891,73  |b DO-F 
100 1 |a Dostoevsky, Fyodor Mikhailovich 
245 1 0 |a The brothers Karamazov and related readings  |c Fyodor Dostoyevsky ; translated by Constance Garnett 
260 |b Glencoe/McGraw-Hill  |c 2000 
300 |a tr.  |c cm. 
OWN |a LSP 
999 |a From the UDN01 
TYP |a Monograph 
TYP |a Printed language 
980 |a Mạng thư viện Đại học Đà Nẵng